400 biggest US cities on a map - Statistics

General Stats
  • This quiz has been taken 859 times
    816 since last reset
  • The average score is 262 of 400
Answers on the Map
Answers color-coded by a green-red scale on the quiz's map according to % correct below.
 
Answer Stats
State City Population % Correct
IL Chicago 2,664,452
94%
CA Los Angeles 3,820,914
94%
NY New York City 8,258,035
94%
UT Sandy 91,943
94%
TX Dallas 1,302,868
93%
AZ Phoenix 1,650,070
93%
WA Seattle 755,078
93%
TX Austin 979,882
92%
MA Boston 653,833
92%
TX Houston 2,314,157
92%
IN Indianapolis 879,293
92%
MS Jackson 143,709
92%
PA Philadelphia 1,550,542
92%
TX San Antonio 1,495,295
92%
CA San Diego 1,388,320
92%
CA San Francisco 808,988
92%
Washington D.C. 678,972
92%
CO Denver 716,577
91%
MI Detroit 633,218
91%
NV Las Vegas 660,929
91%
FL Orlando 320,742
91%
GA Atlanta 510,823
90%
HI Honolulu 341,778
90%
FL Jacksonville 985,843
90%
MO Kansas City 510,704
90%
KS Kansas City 152,933
90%
FL Miami 455,924
90%
MN Minneapolis 425,115
90%
TN Nashville 687,788
90%
OK Oklahoma City 702,767
90%
NC Charlotte 911,311
89%
OH Columbus 913,175
89%
GA Columbus 201,877
89%
TX El Paso 678,958
89%
TN Memphis 618,639
89%
LA New Orleans 364,136
89%
OR Portland 630,498
89%
CA San Jose 969,655
89%
NM Albuquerque 560,274
88%
MD Baltimore 565,239
88%
NY Buffalo 274,678
88%
OH Cincinnati 311,097
88%
OH Cleveland 362,656
88%
TX Fort Worth 978,468
88%
WI Milwaukee 561,385
88%
MI Springfield 170,188
88%
MA Springfield 153,672
88%
IL Springfield 112,544
88%
MO St. Louis 281,754
88%
FL Tampa 403,364
88%
AK Anchorage 286,075
87%
ID Boise 235,421
87%
NE Lincoln 294,757
87%
VA Richmond 229,247
87%
CA Richmond 114,106
87%
CA Sacramento 526,384
87%
MN St. Paul 303,820
87%
KY Louisville 622,981
86%
WI Madison 280,305
86%
NE Omaha 483,335
86%
PA Pittsburgh 303,255
86%
UT Salt Lake City 209,593
86%
CO Colorado Springs 488,664
85%
AR Little Rock 203,842
85%
NC Raleigh 482,295
85%
AZ Tucson 547,239
85%
LA Baton Rouge 219,573
84%
IA Des Moines 210,381
84%
NJ Jersey City 291,657
84%
NV Reno 274,915
84%
NY Albany 101,228
83%
AL Birmingham 196,644
83%
RI Providence 190,792
83%
FL Tallahassee 202,221
83%
OK Tulsa 411,894
83%
NC Winston-Salem 252,975
83%
CA Fresno 545,716
82%
CA Oakland 436,504
82%
OR Salem 177,432
82%
NJ Newark 304,960
81%
VA Virginia Beach 453,649
81%
KS Wichita 396,119
81%
TX Corpus Christi 316,595
80%
IN Fort Wayne 269,994
80%
MI Grand Rapids 196,608
80%
CT Hartford 119,669
80%
KY Lexington 320,154
80%
AZ Mesa 511,648
80%
AL Montgomery 195,287
80%
NY Rochester 207,274
80%
MN Rochester 122,413
80%
GA Savannah 147,748
80%
TX Arlington 398,431
79%
CA Bakersfield 413,381
79%
SC Columbia 142,416
79%
MO Columbia 129,330
79%
OH Dayton 135,512
79%
NC Greensboro 302,296
79%
CA Long Beach 449,468
79%
NM Santa Fe 89,167
79%
SD Sioux Falls 206,410
79%
WA Spokane 229,447
79%
OH Toledo 265,304
79%
SC Charleston 155,369
78%
NC Durham 296,186
78%
TN Knoxville 198,162
78%
MI Lansing 112,115
78%
AL Mobile 182,595
78%
CA Riverside 318,858
78%
CA Santa Ana 310,539
78%
CA Anaheim 340,512
77%
GA Augusta 200,884
77%
CO Aurora 395,052
77%
IL Aurora 177,563
77%
MT Billings 120,864
77%
OR Eugene 177,899
77%
ND Fargo 133,188
77%
WI Green Bay 105,744
77%
VA Norfolk 230,930
77%
NV North Las Vegas 284,771
77%
FL St. Petersburg 263,553
77%
NY Syracuse 145,560
77%
MA Worcester 207,621
77%
OH Akron 188,701
76%
TX Amarillo 202,408
76%
TN Chattanooga 187,030
76%
FL Fort Lauderdale 184,255
76%
CA Stockton 319,543
76%
NC Fayetteville 209,749
75%
AR Fayetteville 101,680
75%
NV Henderson 337,305
75%
TX Laredo 257,602
75%
TX Lubbock 266,878
75%
CT New Haven 135,319
75%
TX Plano 290,190
75%
WA Tacoma 222,906
75%
KS Topeka 125,475
75%
CA Chula Vista 274,333
74%
CA San Bernardino 223,728
74%
LA Shreveport 177,959
74%
WA Vancouver 196,442
74%
TX Allen 111,620
73%
MI Ann Arbor 119,381
73%
TX Brownsville 190,158
73%
MN Duluth 87,680
73%
PA Erie 92,957
73%
AL Huntsville 225,564
73%
CA Irvine 314,621
73%
NH Manchester 115,474
73%
AZ Peoria 198,750
73%
IL Peoria 110,460
73%
UT Provo 113,343
73%
AZ Scottsdale 244,394
73%
TX Waco 144,816
73%
NY Yonkers 207,657
73%
AZ Glendale 253,855
72%
CA Glendale 187,050
72%
LA Lafayette 121,467
72%
TX Pasadena 146,716
72%
CA Pasadena 133,560
72%
VA Alexandria 155,230
71%
PA Allentown 124,880
71%
GA Athens 128,628
71%
CO Boulder 105,898
71%
CT Bridgeport 148,028
71%
IA Cedar Rapids 135,958
71%
AZ Chandler 280,167
71%
CO Fort Collins 170,376
71%
TX McAllen 146,593
71%
VA Newport News 183,118
71%
NC Wilmington 122,698
71%
FL Gainesville 145,812
70%
AZ Gilbert 275,411
70%
FL Hollywood 153,859
70%
TX Irving 254,373
70%
FL Port St. Lucie 245,021
70%
CA Santa Clarita 224,028
70%
NJ Trenton 89,620
70%
VA Chesapeake 253,886
69%
GA Macon 156,512
69%
CA Modesto 218,915
69%
IL Naperville 150,245
69%
IL Rockford 146,120
69%
CT Stamford 136,226
69%
WA Bellevue 151,574
68%
FL Cape Coral 224,455
68%
CA Concord 122,315
68%
NC Concord 110,119
68%
CA Huntington Beach 192,129
68%
NM Las Cruces 114,892
68%
IN South Bend 103,395
68%
AZ Tempe 189,834
68%
MA Cambridge 118,214
67%
TN Clarksville 180,716
67%
CA Fremont 226,208
67%
FL Hialeah 221,300
67%
IL Joliet 150,489
67%
TX Midland 138,397
67%
TX Odessa 115,743
67%
KS Overland Park 197,089
67%
CA Oxnard 198,488
67%
CA Santa Clara 131,062
67%
CA Santa Rosa 175,845
67%
FL West Palm Beach 124,130
67%
OR Bend 104,557
66%
IN Evansville 115,332
66%
TX Frisco 225,007
66%
TX Garland 243,470
66%
CA Lancaster 166,236
66%
CA Orange 138,337
66%
TX Abilene 129,043
65%
NJ Paterson 156,452
65%
AL Tuscaloosa 111,338
65%
CA Berkeley 118,962
64%
TX College Station 125,192
64%
AZ Yuma 100,858
64%
OK Broken Arrow 119,194
63%
FL Clearwater 116,850
63%
NJ Elizabeth 135,829
63%
TX Killeen 159,643
63%
OK Norman 130,046
63%
CA Ontario 182,457
63%
CO Pueblo 111,077
63%
VA Roanoke 97,171
63%
CA Thousand Oaks 123,463
63%
NC Asheville 95,056
62%
TX Denton 158,349
62%
FL Fort Myers 97,372
62%
CO Lakewood 155,961
62%
TN Murfreesboro 165,430
62%
CA Oceanside 170,020
62%
UT St. George 104,578
62%
NC Cary 180,010
61%
IA Davenport 100,354
61%
UT West Valley City 134,470
61%
TX Beaumont 112,193
60%
MI Dearborn 105,811
60%
TX Grand Prairie 202,134
60%
FL Lakeland 122,264
60%
TX McKinney 213,509
60%
CA Moreno Valley 212,392
60%
CA Palmdale 161,404
60%
CA Santa Monica 89,922
60%
TX Tyler 110,327
60%
CA Burbank 102,755
59%
CA Fullerton 139,250
59%
WA Kent 133,378
59%
MA Lowell 114,296
59%
TX Mesquite 147,317
59%
ID Nampa 114,268
59%
SC North Charleston 121,469
59%
KS Olathe 147,461
59%
CA Salinas 159,506
59%
WA Spokane Valley 108,235
59%
AZ Surprise 158,285
59%
UT West Jordan 114,908
59%
CA Elk Grove 178,444
58%
CA Escondido 148,122
58%
CA Fontana 215,465
58%
VA Hampton 137,098
58%
MN Independence 120,922
58%
ID Meridian 134,801
58%
FL Pembroke Pines 171,119
58%
CA Rancho Cucamonga 174,405
58%
CA Santa Maria 109,987
58%
MI Warren 136,655
58%
TX Wichita Falls 102,691
58%
MN Bloomington 87,398
57%
WA Everett 111,180
57%
CA Pomona 145,502
57%
CA Torrance 139,224
57%
CA Carlsbad 113,495
56%
CA Corona 160,238
56%
IL Elgin 113,310
56%
AR Fort Smith 89,770
56%
WI Kenosha 98,211
56%
KS Lawrence 96,207
56%
MA Lawrence 88,172
56%
FL Miami Gardens 110,717
56%
FL Miramar 138,319
56%
NH Nashua 91,003
56%
PA Reading 94,903
56%
NV Sparks 110,323
56%
CA Ventura 109,058
56%
CA Visalia 144,998
56%
CT Waterbury 114,990
56%
NC Greenville 90,053
55%
CA Sunnyvale 151,967
55%
CA Victorville 138,869
55%
CA Carson 91,139
54%
CA Garden Grove 168,234
54%
CO Greeley 112,609
54%
CA Hayward 155,675
54%
FL Palm Bay 135,566
54%
NM Rio Rancho 110,660
54%
CA Roseville 159,135
54%
TX Round Rock 130,406
54%
CA San Mateo 101,327
54%
MI Sterling Heights 133,306
54%
TX Sugar Land 108,515
54%
CO Thornton 144,922
54%
IN Carmel 102,296
53%
CA Inglewood 102,865
53%
MA New Bedford 100,695
53%
WA Yakima 96,750
53%
WA Bellingham 94,720
52%
TX Carrollton 132,918
52%
IL Champaign 89,189
52%
OR Hillsboro 107,730
52%
TX Pearland 127,736
52%
CA Simi Valley 125,113
52%
CA Vallejo 122,807
52%
CO Arvada 121,414
51%
FL Coral Springs 134,906
51%
OR Gresham 110,685
51%
MA Quincy 101,597
51%
CA Redding 92,727
51%
OR Beaverton 96,945
50%
CO Centennial 106,883
50%
NC High Point 116,926
50%
CA Norwalk 98,078
50%
CT Norwalk 92,458
50%
CO Westminster 114,875
50%
CA Westminster 88,729
50%
AZ Goodyear 111,805
49%
MA Lynn 101,241
49%
FL Pompano Beach 113,619
49%
VA Suffolk 100,659
49%
MA Brockton 104,890
48%
CA Chico 101,301
48%
CA Daly City 99,833
48%
OK Lawton 90,245
48%
VA Portsmouth 96,793
48%
TX San Angelo 99,262
48%
CA Temecula 110,682
48%
FL Boca Raton 99,974
47%
AZ Buckeye 108,909
47%
FL Davie 107,799
47%
CA Fairfield 120,768
47%
TX Richardson 117,435
47%
CA Antioch 117,096
46%
CA Clovis 125,826
46%
CA Compton 90,986
46%
TX League City 116,320
46%
UT Orem 95,519
46%
WA Renton 104,491
46%
GA Sandy Springs 105,793
46%
CA El Cajon 102,991
45%
TX Lewisville 133,553
45%
GA Roswell 91,706
45%
CA Downey 108,816
44%
TX Edinburg 105,799
44%
OK Edmond 98,103
44%
MA Fall River 93,840
44%
WA Federal Way 97,701
44%
MO Lee's Summit 104,184
44%
CA Murrieta 111,878
44%
TN Franklin 88,558
43%
CA El Monte 103,794
42%
TX New Braunfels 110,958
42%
GA South Fulton 110,920
42%
AR Springdale 88,224
42%
IL Waukegan 87,642
42%
CA Costa Mesa 108,354
41%
AL Hoover 92,448
41%
CA Jurupa Valley 107,321
41%
SC Mount Pleasant 95,232
41%
CA Chino 93,114
40%
IN Fishers 104,094
40%
CA West Covina 105,617
40%
FL Sunrise 96,808
39%
TX Conroe 108,248
38%
FL Deltona 98,739
38%
CA Indio 93,057
38%
CA Mission Viejo 90,624
38%
FL Palm Coast 102,113
38%
CA San Marcos 94,188
38%
CA Merced 93,692
37%
MO O'Fallon 94,074
37%
WA Kirkland 91,194
36%
CA Vacaville 102,526
36%
CA Menifee 113,433
35%
MA Newton 88,415
35%
CA Rialto 103,391
35%
CA Hesperia 100,633
34%
MI Livonia 92,185
34%
FL Plantation 96,548
34%
NJ Clifton 88,461
33%
CO Longmont 98,630
33%
CA Vista 98,344
33%
AZ Avondale 93,545
32%
TX Georgetown 96,312
32%
FL North Port 88,934
32%
UT Lehi 90,227
31%
TX Temple 93,095
31%
CA Tracy 98,010
31%
TX Bryan 89,615
29%
CA Hemet 92,368
29%
CA South Gate 90,070
22%
CA Manteca 91,059
19%
No matching quizzes found
Score Distribution
Percent of People with Each Score
Percentile by Number Answered
Your Score History
You have not taken this quiz since the last reset